000 00689nam a22002177a 4500
003 UA-OsUOA
001 50067
007 ta
008 20071022b un ||||| |||| 00| 0 ukr d
100 _aВергеліс О.
090 _a82
_bВ-12
942 _cSA
040 _aUA-OsUOA
_bukr
_cUA-OsUOA
_dUA-OsUOA
245 _aДіамантовий дим. Дочка Іллі Ільфа розкрила "ДТ" останню"таємницю" автора "Дванидцяти стільців"
300 _aС.18
955 _a0
041 _aukr
080 _a82
773 0 _w50066
650 7 _a82 Література. Літературознавство
_2UDC
999 _c336163
_d336163